000 00614nam a22002057a 4500
003 0
005 20241018105101.0
008 241018b xxu||||| |||| 00| 0 eng d
020 _a9788888361368
050 _aNC 1001
_b.H86 2023
100 _aHunt, Rayan,
_eauthor.
245 _aThe ultimate career guide :
_bgraphic designing /
_cRayan Hunt.
260 _aNew York, NY :
_bLarsen & Keller,
_c2023.
300 _avi, 237 p. :
_bcol. ill. ;
_c27 cm.
504 _aIncludes index.
650 _aGraphic arts.
650 _aGraphic arts
_vVocational guidance.
650 _aDo-it-yourself work.
942 _2lcc
_cBK
999 _c366585
_d366585